000
00353nam a2200133Ia 4500
008
100328s9999 xx 000 0 und d
082
_b
69742
100
_a
अंतरकर आनंद.
245
_a
छायानट.
260
_b
ब्लू बर्ड.
630
_a
छायानट.
730
_a
छायानट.
942
_c
BOOK
999
_c
555472
_d
555469